| 000 | 00727nam a2200181 u 4500 | ||
|---|---|---|---|
| 001 | 000463604 | ||
| 003 | AM-YeHGA | ||
| 005 | 20250618072522.0 | ||
| 008 | 051114s1933 ai r 000 0 arm d | ||
| 040 | _aAM-YeHGA | ||
| 041 | 1 |
_aarm _hrus |
|
| 245 | 1 | 0 |
_aՔիմիա : _bԴասագիրք միջնակարգ դպրոցների համար : Մաս / _cՎ.Ն. Վերխովսկի. |
| 260 |
_aՅերևան : _bՊետհրատ- ուսմանկհրատբաժին, _c1933. |
||
| 300 | _aՄաս. | ||
| 505 | 1 | 0 |
_gՄաս 1, Ուս. 6-րդ տարի (1933, 158 էջ : նկ.) _gՄաս 2, Ուս. 7-րդ տարի (1933, 142 էջ : նկ.) / _rԹարգմ.՝ Հ. Թուրշյան |
| 650 | 1 | 4 |
_aՔիմիա _vԴասագիրք _95631 |
| 090 | _c170474 | ||
| 999 |
_c169041 _d169041 |
||